| 000 | 00547nam a2200181Ia 4500 | ||
|---|---|---|---|
| 008 | 090630s9999 xx 000 0 und d | ||
| 082 | _b1966 | ||
| 100 | _aसावंत वसंत. | ||
| 245 |
_aस्वस्तिक. _cसावंत वसंत. |
||
| 260 |
_bपॉप्युलर. _c1973 |
||
| 300 | _a80 | ||
| 600 | _aसावंत वसंत. | ||
| 630 | _aस्वस्तिक. | ||
| 655 | _aकाव्य. | ||
| 700 | _aसावंत वसंत. | ||
| 730 | _aस्वस्तिक. | ||
| 942 | _cBOOK | ||
| 999 |
_c253822 _d253822 |
||